Quizzes
Events
Quiz Creation
Community
Videos
Private Events
Remove Ads
Sign In
Join for FREE
Feedback
Dark Mode
Quiz Categories
Sports
Geography
Music
Movies
Television
Just For Fun
Miscellaneous
History
Literature
Language
Science
Gaming
Entertainment
Religion
Holiday
For Kids
Quiz Lab
Recent
Popular Today
Quiz Kudos Today
Editor Picks
Curator Picks
Quizzes by...
Day
Popularity
Type
Ratings
Length
Year
Community
Subscriptions
Recent Discussions
Orange Saloon
Badges
Playlists
Quests
Create
Leaderboards
Showdown
Live 5
Trivia Bingo
Activity
Puzzle Library
Sporcle Events
Private Events
Virtual Trivia
Globe League
Become a Host
Pub Owners
SporcleCon
Opinionation
Our Games
Videos
Blog
Mobile Apps
Partnerships
Remove Ads and Go Orange
Feedback
Movies
Disney
Marvel Cinematic Universe
Movie Resume
Movie Titles
Oscar
Actor
Actress
Director
Pixar
Role
Movie Quotes
Movie Characters
Box Office
Nominee
Best Picture
Star Wars
James Bond
Horror Movies
Movies
Disney
Marvel Cinematic Universe
Movie Resume
Movie Titles
Oscar
Actor
Actress
Director
Pixar
Role
Movie Quotes
Movie Characters
Box Office
Nominee
Best Picture
Star Wars
James Bond
Horror Movies
Random Quiz
Search Sporcle
×
Quiz Lab
Quiz Lab
Movies
opposite
Type in answers that appear in a list
Type in answers that appear in a list
Classic
Best Score? Go Orange.
Movie Title Opposites 3000 Stats
Can you name the title of the movie from the opposite?
By
pamster15
10m
20 Questions
2,110 Plays
2,110 Plays
2,110 Plays
Comments
Comments
Give Quiz Kudos
Give Quiz Kudos
-
- Ratings
hide this ad
Replay
Link that replays current quiz
Next Quiz
Link to next quiz in quiz playlist
You Got
0%
They Got
Avg Score
56%
Avg Friend Score
Upgrade to see
Score Distribution
Jump to the score distribution portion of the page
Score
0/20
Timer
10:00
0
Plays Today
Opposite
Movie Title
% Correct
Outside Woman
Inside Man
90.2%
Ugly Man
Pretty Woman
88.6%
Forget the Weaklings
Remember the Titans
85%
Lightweights
Heavyweights
79.5%
Evening of the Alive
Dawn of the Dead
77.9%
Funeral Builders
Wedding Crashers
77.2%
Groom that Stays Put
Runaway Bride
77%
Big Mr Moonlight
Little Miss Sunshine
75.9%
Worse on Alive
Better Off Dead
75.2%
The Arriving
The Departed
66.1%
Opposite
Movie Title
% Correct
Lucid and Focused
Dazed and Confused
62.5%
Low Adultery
High Fidelity
59.4%
Farther Away
Closer
58.8%
The Normals
The Incredibles
32.6%
The Boy In My House
The Girl Next Door
29.6%
Sane
Psycho
28.4%
Not With Child
Knocked up
26.9%
Foreign Worthless Items
National Treasure
18.2%
Here without the Stillness
Gone With the Wind
15.1%
Being Quiet in the Sunshine
Singing In the Rain
15%
Quiz Playlist
Details
Report
Send in Message
Add To Playlist
Classic:
Type in answers that appear in a list
Last Updated: Feb 16, 2017
Quiz Scoreboard
CHALLENGE
Sign Up to Join the Scoreboard
Show All
Scores
Hide
Comments
May contain spoilers
Recently Published
Alphabetical 'K' Countries by Flag Minefield
by ylime102
Geography
3m
Pick 6: Fruits
by JohnFran
Miscellaneous
15s
Click the 1999 NBA Draft
by nibperrychub
Sports
2m
More to Explore
Quiz From the Vault
Featured Blog Post
15 Basketball Trivia Facts You Can Be March Mad About
hide this ad
You Might Also Like...
Tags
3000
opposite
Today's Top Quizzes in Movies
Browse Movies
hide this ad
Today's Top Quizzes in opposite
Browse opposite
Top Contributed Quizzes in Movies
1
Pick 6: Harry Potter
2
Pick 6: Actors
3
Pick 6: Movie Franchises
4
Pick 6: Actresses
5
Pick 6: Disney Princesses
6
Match The President To The Fictional Crisis
7
10 Quentin Tarantino Movies in Order
8
Minor Oscar Winners (1980s)
9
Sorting Squares 5 to 1- 1 to 5 Tom Hanks Movies
10
Seasonal Films
Explore More
Trending Topics
NBA
Harry Potter
Anime
Kpop
Disney
Marvel
Crossword
Song
NFL
WWE
Pokémon
Country
Puzzle
The Office
Soccer
hide this ad
More By:
pamster15
Quiz
Plays
Rating
Category
Featured
Created
Boy Meets World Trivia
16,632
3.05
Television
Nov 23, 2009
The Greatest Degrassi TNG Trivia Game
8,551
3.18
Television
Dec 2, 2009
How Well Do You Know Saved By The Bell?
3,334
3.20
Television
Nov 23, 2009
O.C. Trivia
2,487
2.40
Television
Nov 23, 2009
Movie Title Opposites 3000
2,110
3.38
Movies
Nov 23, 2009
Go to Creator's Profile
Score Distribution
Quiz Creator Spotlight
pamster15
Follow
Send a Message
Quizzes Created
-
Created Quiz Play Count
-
More By This Creator
Popular Quizzes Today
1
Find the US States - No Outlines Minefield
2
Countries of Asia Without Outlines Minefield
3
Pick 6: Fruits
4
Alphabetical 'K' Countries by Flag Minefield
5
The Countries of the World
6
Click the 1999 NBA Draft
7
Find the US States
8
Match the Book to the Film X
More Movies Quizzes
Eight-Letter Words in Movie Titles
Published
Trending Quizzes
Pick 6: Harry Potter
Pick 6: Golfers
Pick 6: Movie Franchises
Pick 6: Foods
Pick 6: Landmarks
Recently Updated
Women's Final Four Teams by Year
bhenderson79
Presidents Quartet II
eogle
Anything But Clue(do)
eogle
Anything But Oceanian Capitals
eogle
Anything But 7
eogle
Anything But Thing
eogle
Word Ladder: February 29
pecheneg
Song Title Questions
pecheneg
Women's NCAA Tournament #1 Seeds
pecheneg
Celebrity Mug Shots
pecheneg
Trending Topics
Anime
Disney
Harry Potter
NBA
Crossword
Kpop
Marvel
Soccer
Song
Country
Pokémon
Puzzle
NFL
The Office
WWE
Your Account Isn't Verified!
In order to create a playlist on Sporcle, you need to verify the email address you used during registration. Go to your
Sporcle Settings
to finish the process.
Report this User
Report this user for behavior that violates our
Community Guidelines
.
Details:
Send Report
Go to the Sporcle.com Mobile Site →
Comments